| 000 | 00747nam a22002297a 4500 | ||
|---|---|---|---|
| 005 | 20250127103303.0 | ||
| 010 | _aENG-143607 | ||
| 020 |
_a9789354793899 _c850.00 |
||
| 035 | _aEN-127139 | ||
| 037 | _bDBAD | ||
| 082 |
_a658.84 _22 |
||
| 100 |
_aBaack, Daniel W. _977076 |
||
| 245 |
_aInternational Marketing/ _cby Daniel W. Baack; Barbara Czarnecka [and] Donald Baack |
||
| 250 | _a2 | ||
| 260 |
_aNew Delhi _bSAGE Publications _c2019 |
||
| 270 |
_aB1/1-1 Mohan Cooperative Industrial Area, Mathura Road _bNew Delhi _e110044 |
||
| 300 |
_avpp. _c24 cm.(pbk) |
||
| 500 | _aIncludes index. | ||
| 700 |
_aCzarnecka, Barbara _eAuthor _977072 |
||
| 700 |
_aBaack, Donald _eAuthor _977073 |
||
| 942 |
_2ddc _cEN _h658.84 _mBAA |
||
| 999 |
_c208776 _d208776 |
||